000 00721nam a2200181 a 4500
008 120416s1977 ||||||||||||||||| || u
020 _a0070124124
050 _aSB 476
100 _aConover, Herbert S
245 1 0 _aGrounds maintenance handbook
250 _a3rd ed.
260 _aNew York
_bMcGraw-Hill
_c1977
300 _aviii, 631p. : ill.
350 _a0.00
650 _aGrounds maintenance
995 _aANNEX COLLECTION (Main Library)
_D0.00
_e720285
_FCBU-MAIN LIBRARY (Kitwe)
_H2
_I44.50
_jSB 476 Con
_M1
_UAVAILABLE
_y013398
_ZAnnex Low-Usage Collection
995 _aMAIN LIBRARY OPEN ACCESS
_D0.00
_e720284
_FCBU-MAIN LIBRARY (Kitwe)
_H1
_I44.50
_jSB 476 Con
_M2
_UAVAILABLE
_y013397
_ZMain Library Open Access Collection
999 _c76021
_d76021